| 000 | 00657nam a2200217 u 4500 | ||
|---|---|---|---|
| 005 | 20240831063733.0 | ||
| 008 | 100513s2006 es r 000 0 spa d | ||
| 020 | _a8495994755 | ||
| 035 | _aUPN01000175852 | ||
| 049 | _aI | ||
| 050 | 4 |
_aPZ78 _bM8.6 |
|
| 100 | 1 |
_aMuñoz Martín, Juan, _d1929- _930134 |
|
| 245 | 1 | 3 |
_aEl pequeño emperador y los guerreros de Xi'an / _cJuan Muñoz Martín ; il. por Miguel Calero. |
| 260 |
_aMadrid : _bMestas, _c2006. |
||
| 300 |
_a127 p. : _bil. |
||
| 440 | 0 | _aJuan Muñoz | |
| 650 | 4 |
_aCuentos infantiles españoles _97725 |
|
| 650 | 7 |
_aGuerra _vLiteratura infantil _2 _98599 |
|
| 905 | _aLibro | ||
| 999 |
_c147955 _d147955 |
||